[Event "7. Longericher Sommer-Open"]
[Site "?"]
[Date "2010.08.01"]
[Round "5.21"]
[White "Karwatzki, Hans-Jürgen"]
[Black "Zilberman, Rodion"]
[Result "0-1"]
[WhiteElo "1609"]
[BlackElo "1913"]
[PlyCount "130"]
[EventDate "2010.??.??"]
[WhiteTeam "Vereinigung der SF Stadtverw. Bo"]
[BlackTeam "SF Köln-Longerich 195"]

1. e4 g6 2. d4 d6 3. f4 Bg7 4. Nc3 c5 5. Nf3 cxd4 6. Nxd4 Nc6 7. Nxc6 bxc6 8.
Bd3 Nf6 9. f5 O-O 10. O-O a5 11. Kh1 Nd7 12. Qe1 Ne5 13. Bg5 f6 14. Be3 g5 15.
Qg3 h5 16. Be2 h4 17. Qh3 Ba6 18. Bh5 Bxf1 19. Rxf1 Bh6 20. g3 hxg3 21. Rg1
gxh2 22. Kxh2 Rf7 23. Bxf7+ Nxf7 24. Qh5 Qf8 25. Ne2 Qg7 26. Nf4 Qh7 27. Rg3
Bg7 28. Qxh7+ Kxh7 29. Rh3+ Kg8 30. Ng6 Re8 31. Bb6 e6 32. Re3 a4 33. Kg2 c5
34. Kf3 Nh6 35. Bc7 d5 36. exd5 Nxf5 37. d6 Nxe3 38. Kxe3 Kf7 39. Ne5+ fxe5 40.
d7 Ra8 41. d8=Q Rxd8 42. Bxd8 Bf6 43. Bb6 c4 44. Ke4 Kg6 45. b3 cxb3 46. cxb3
axb3 47. axb3 Kf7 48. b4 Ke8 49. Bc7 g4 50. b5 Kd7 51. b6 Kc6 52. Ke3 Bg5+ 53.
Kf2 Bf4 54. Kg2 Be3 55. Bxe5 Bxb6 56. Kg3 Bc7 57. Bxc7 Kxc7 58. Kxg4 Kd6 59.
Kf4 Kd5 60. Ke3 Ke5 61. Kd2 Ke4 62. Ke2 e5 63. Kf2 Kd3 64. Ke1 Ke3 65. Kd1 Kf2
0-1

[Event "7. Longericher Sommer-Open"]
[Site "?"]
[Date "2010.08.01"]
[Round "5.22"]
[White "Plitt, Stefan"]
[Black "Grzeca, Pascal"]
[Result "1/2-1/2"]
[WhiteElo "1582"]
[BlackElo "1897"]
[PlyCount "92"]
[EventDate "2010.??.??"]
[WhiteTeam "SF Köln-Mülheim e.V."]
[BlackTeam "SV Spr.Siershahn"]

1. c4 c5 2. Nf3 Nf6 3. Nc3 e6 4. d4 cxd4 5. Nxd4 b6 6. Bg5 a6 7. e4 d6 8. Qc2
Nbd7 9. Be2 Bb7 10. a3 Be7 11. b4 Rc8 12. Nf3 Qc7 13. Rc1 b5 14. Nd2 bxc4 15.
Bf4 Qc6 16. Bxc4 d5 17. Bd3 e5 18. Bg3 Qb6 19. Qb1 O-O 20. O-O dxe4 21. Ncxe4
g6 22. Nxf6+ Bxf6 23. Ne4 Bg7 24. Qb3 Qd4 25. Ng5 Bd5 26. Qb1 Bh6 27. Rxc8 Rxc8
28. Nf3 Bxf3 29. gxf3 Qc3 30. Bxa6 Ra8 31. Bb5 Nb6 32. Qe4 Rxa3 33. Bxe5 Qd2
34. Qd4 Qxd4 35. Bxd4 Nd5 36. Re1 Nf4 37. Re8+ Bf8 38. Bc5 Ra1+ 39. Bf1 Ne6 40.
Bxf8 Nxf8 41. b5 Kg7 42. Kg2 Rb1 43. Re7 Ne6 44. Bc4 Kf6 45. Rd7 g5 46. Bxe6
Kxe6 1/2-1/2

[Event "7. Longericher Sommer-Open"]
[Site "?"]
[Date "2010.08.01"]
[Round "5.23"]
[White "Neuner, Johannes"]
[Black "Natterer, Marco"]
[Result "1-0"]
[WhiteElo "1834"]
[BlackElo "1637"]
[PlyCount "113"]
[EventDate "2010.??.??"]
[WhiteTeam "SK Freiburg Zähringen 1887 e.V."]
[BlackTeam "SF Seelscheid e.V."]

1. d4 Nf6 2. c4 c5 3. d5 e6 4. Nc3 a6 5. a4 Bd6 6. Nf3 h6 7. g3 Qc7 8. Bg2 b6
9. O-O Bb7 10. Qd3 O-O 11. Rd1 exd5 12. cxd5 Re8 13. e4 c4 14. Qc2 Bb4 15. Bf4
d6 16. Nd4 Bxc3 17. bxc3 Nbd7 18. Nf5 Ne5 19. Rab1 Bc8 20. Bxe5 Rxe5 21. Nd4
Bd7 22. Rb2 Qc5 23. Rdb1 Rb8 24. Rb4 b5 25. axb5 Bxb5 26. Kh1 Ree8 27. f3 Rb6
28. Qb2 Reb8 29. Bf1 Nd7 30. Qa2 Ne5 31. Qb2 Nd7 32. Kg2 Ba4 33. Rxb6 Rxb6 34.
Qa2 Rxb1 35. Qxb1 Bb5 36. f4 f6 37. Kf3 Qa3 38. Qb4 Qxb4 39. cxb4 g6 40. Ke3
Nb6 41. Ne6 f5 42. Kd4 fxe4 43. Bg2 Kf7 44. Bxe4 Na4 45. Bc2 Nb6 46. Nd8+ Kf6
47. Nb7 Nc8 48. Bb1 h5 49. h4 Kf7 50. Bc2 Kf6 51. Be4 Kf7 52. Bf3 Kf6 53. g4
hxg4 54. Bxg4 Ne7 55. Nxd6 Nxd5 56. Kxd5 c3 57. Ne4+ 1-0

[Event "7. Longericher Sommer-Open"]
[Site "?"]
[Date "2010.08.01"]
[Round "5.24"]
[White "Fieberg, Christoph"]
[Black "Reinartz, Ulrich"]
[Result "0-1"]
[WhiteElo "1820"]
[BlackElo "1630"]
[PlyCount "82"]
[EventDate "2010.??.??"]
[WhiteTeam "Bergische SF 1923 Ber"]
[BlackTeam "vereinslos"]

1. e4 c6 2. c4 e6 3. d4 d5 4. exd5 exd5 5. Nf3 Nf6 6. Be2 Bf5 7. O-O Be7 8. Nc3
O-O 9. Qb3 Qb6 10. Qxb6 axb6 11. cxd5 Nxd5 12. Nxd5 cxd5 13. Be3 Nc6 14. a3 Na5
15. Rac1 Rac8 16. Rxc8 Rxc8 17. Rc1 Nc4 18. Bxc4 Rxc4 19. Rxc4 dxc4 20. Nd2 b5
21. f3 Bd3 22. Ne4 Bxe4 23. fxe4 b4 24. axb4 Bxb4 25. Kf2 c3 26. bxc3 Bxc3 27.
Ke2 Kf8 28. Kd3 Ba5 29. Kc4 Ke7 30. Kb5 Bc7 31. g3 g6 32. Bf4 Bxf4 33. gxf4 f5
34. exf5 gxf5 35. Kc5 Ke6 36. d5+ Kd7 37. d6 Ke6 38. h4 h5 39. d7 Kxd7 40. Kd5
b5 41. Kc5 Ke6 0-1

[Event "7. Longericher Sommer-Open"]
[Site "?"]
[Date "2010.08.01"]
[Round "5.25"]
[White "Langosch, Thomas"]
[Black "Jordans, Ralph"]
[Result "0-1"]
[WhiteElo "1538"]
[BlackElo "1812"]
[PlyCount "102"]
[EventDate "2010.??.??"]
[WhiteTeam "SG Motor Barleben"]
[BlackTeam "Ford-SF Köln e.V."]

1. d4 Nf6 2. Nf3 b6 3. e3 Bb7 4. Be2 e6 5. a3 Be7 6. O-O O-O 7. Nbd2 d5 8. b4
a6 9. Ne5 Nfd7 10. Nxd7 Nxd7 11. Bf3 Bf6 12. c3 e5 13. Be2 Re8 14. Bb2 Qe7 15.
Nf3 g6 16. Rc1 Bg7 17. c4 dxc4 18. Rxc4 e4 19. Nd2 Nf6 20. Qc2 Nd5 21. Nb1 b5
22. Rc5 c6 23. Nc3 Nb6 24. Nd1 Na4 25. Bc1 Nxc5 26. bxc5 Bc8 27. f3 Bf5 28. Qd2
Rad8 29. g4 exf3 30. Bxf3 Be4 31. Bxe4 Qxe4 32. Rf4 Qe6 33. Nc3 Bh6 34. Re4 Qd7
35. Qg2 Rxe4 36. Nxe4 Qe6 37. g5 Bg7 38. Nd6 Qd7 39. Qf3 Bf8 40. Ne4 Be7 41. h4
Qe6 42. Qf4 Rd5 43. Ng3 Bxc5 44. Bb2 Bd6 45. Qf3 Bxg3 46. Qxg3 Qe4 47. Qe1 h6
48. gxh6 Kh7 49. Qb4 Qxe3+ 50. Kh1 Qxh6 51. Qe7 Qf4 0-1

[Event "7. Longericher Sommer-Open"]
[Site "?"]
[Date "2010.08.01"]
[Round "5.26"]
[White "Nagel, Detlev"]
[Black "Lasschuit, Rene"]
[Result "0-1"]
[WhiteElo "1361"]
[BlackElo "1800"]
[PlyCount "134"]
[EventDate "2010.??.??"]
[WhiteTeam "TSV Burgdorf"]
[BlackTeam "SV Het Probleem Amsterdam"]

1. g3 d5 2. Bg2 Nf6 3. d3 g6 4. Nf3 Bg7 5. c3 O-O 6. O-O c5 7. a4 Nc6 8. Na3 e5
9. Rb1 Qe7 10. Nd2 Be6 11. Nc2 Rfd8 12. Qe1 Rac8 13. e3 a6 14. b3 b5 15. axb5
axb5 16. e4 d4 17. c4 b4 18. Nf3 Ra8 19. Ng5 Ra2 20. Nxe6 Qxe6 21. Rb2 Rda8 22.
Qd1 Qd7 23. Rxa2 Rxa2 24. f4 Qa7 25. f5 Na5 26. Ne1 Ra1 27. Qc2 Nxb3 28. Bb2
Rxe1 29. Rxe1 Qa2 30. Qb1 Qxb1 31. Rxb1 Bh6 32. h3 Be3+ 33. Kh2 Nh5 34. Rf1 Nd2
35. Rd1 Nb3 36. Bf3 Nf6 37. Kg2 Kg7 38. Be2 Nd7 39. Rb1 Nb6 40. Bd1 Nd2 41. Ra1
Nbxc4 42. dxc4 Nxc4 43. Bc1 Bxc1 44. Rxc1 Ne3+ 45. Kf2 Nxd1+ 46. Rxd1 c4 47.
Ke2 b3 48. Rb1 gxf5 49. exf5 Kf6 50. Rf1 e4 51. Rd1 d3+ 52. Kd2 Ke5 53. Kc3 Kd5
54. Ra1 e3 55. Ra5+ Ke4 56. Ra1 e2 57. Re1 Ke3 58. Rb1 d2 59. Kxc4 d1=Q 60.
Rxb3+ Qxb3+ 61. Kxb3 e1=Q 62. Kc4 Qxg3 63. Kd5 Qxh3 64. Ke5 Qg3+ 65. Kf6 Kf4
66. Kxf7 Kxf5 67. Ke7 Qe5+ 0-1

[Event "7. Longericher Sommer-Open"]
[Site "?"]
[Date "2010.08.01"]
[Round "5.27"]
[White "Bigott, Martin"]
[Black "Margenberg, Volker"]
[Result "1/2-1/2"]
[WhiteElo "1777"]
[BlackElo "1550"]
[PlyCount "29"]
[EventDate "2010.??.??"]
[WhiteTeam "SF Lohmar 1974 e.V."]
[BlackTeam "SV Wiehl 1923 e.V."]

1. Nf3 Nf6 2. b3 b6 3. Bb2 Bb7 4. d4 e6 5. Nbd2 d5 6. g3 Be7 7. Bg2 Nbd7 8. Ne5
c5 9. e3 Nxe5 10. dxe5 Nd7 11. a4 Qc7 12. f4 a5 13. O-O O-O-O 14. c4 h5 15. h3
1/2-1/2

[Event "7. Longericher Sommer-Open"]
[Site "?"]
[Date "2010.08.01"]
[Round "5.28"]
[White "Vaskovitch, Mark"]
[Black "Fieberg, Samuel"]
[Result "1-0"]
[WhiteElo "1777"]
[BlackElo "1355"]
[PlyCount "55"]
[EventDate "2010.??.??"]
[WhiteTeam "SF Köln-Longerich 195"]
[BlackTeam "SF Köln-Mülheim e.V."]

1. e4 e5 2. Nf3 Nc6 3. Bc4 Bc5 4. O-O Nf6 5. d3 h6 6. c3 d6 7. b4 Bb6 8. Be3
O-O 9. h3 Ne7 10. Nbd2 Ng6 11. Kh2 Be6 12. Bb3 Qd7 13. Ng1 Nf4 14. Bxf4 exf4
15. d4 c6 16. Ngf3 g5 17. e5 Nd5 18. Ne4 Qd8 19. Bxd5 cxd5 20. Nf6+ Kg7 21. g3
fxg3+ 22. fxg3 dxe5 23. Nxe5 Qc8 24. Nh5+ Kh7 25. g4 Qxc3 26. Qb1+ Kh8 27. Nf6
Qd2+ 28. Kh1 1-0

[Event "7. Longericher Sommer-Open"]
[Site "?"]
[Date "2010.08.01"]
[Round "5.29"]
[White "Douteil, Dominik"]
[Black "Rieger, Isabelle"]
[Result "1-0"]
[WhiteElo "1776"]
[BlackElo "1405"]
[PlyCount "31"]
[EventDate "2010.??.??"]
[WhiteTeam "Grefrather SV 1962 e.V"]
[BlackTeam "SV Fideler Bauer Lever"]

1. Nf3 Nf6 2. g3 g6 3. Bg2 Bg7 4. O-O d6 5. d4 O-O 6. c4 Nc6 7. d5 Nb8 8. Nc3
a5 9. e4 Na6 10. Be3 e5 11. Qd2 Ne8 12. Nh4 Nc5 13. f4 f5 14. exf5 gxf5 15.
fxe5 dxe5 16. Bxc5 1-0

[Event "7. Longericher Sommer-Open"]
[Site "?"]
[Date "2010.08.01"]
[Round "5.30"]
[White "Engels, Immanuel"]
[Black "Zotkin, Alexander"]
[Result "0-1"]
[WhiteElo "1239"]
[BlackElo "1876"]
[PlyCount "42"]
[EventDate "2010.??.??"]
[WhiteTeam "SVigung 1919 Königsspr"]
[BlackTeam "SF Köln-Longerich 195"]

1. d4 d5 2. c4 c6 3. Nc3 e6 4. Nf3 Nf6 5. Bg5 dxc4 6. e4 b5 7. e5 h6 8. Bh4 g5
9. Nxg5 hxg5 10. Bxg5 Nbd7 11. Bxf6 Nxf6 12. exf6 Qxf6 13. a4 Bb4 14. g3 Bb7
15. Bg2 O-O-O 16. O-O Rxd4 17. Qe2 Qh6 18. h4 c5 19. Nxb5 Rxh4 20. Nd6+ Kb8 21.
Nxf7 Rh1+ 0-1

[Event "7. Longericher Sommer-Open"]
[Site "?"]
[Date "2010.08.01"]
[Round "5.31"]
[White "Kuhn, Andreas"]
[Black "Kürten, Lothar"]
[Result "1/2-1/2"]
[WhiteElo "1856"]
[BlackElo "1677"]
[PlyCount "42"]
[EventDate "2010.??.??"]
[WhiteTeam "SG Niederkassel"]
[BlackTeam "SF Köln-Longerich 195"]

1. c4 Nf6 2. g3 e6 3. Bg2 d5 4. Nf3 c6 5. Qc2 Nbd7 6. O-O b6 7. d4 Bb7 8. Rd1
Be7 9. b3 O-O 10. Nc3 Rc8 11. e4 dxe4 12. Nxe4 Nxe4 13. Qxe4 Nf6 14. Qe1 h6 15.
Be3 Qc7 16. c5 Nd5 17. b4 Nxe3 18. Qxe3 b5 19. Bf1 Rcd8 20. Bd3 Bc8 21. Ne5 f5
1/2-1/2

[Event "7. Longericher Sommer-Open"]
[Site "?"]
[Date "2010.08.01"]
[Round "5.32"]
[White "Knobeloch, Olaf"]
[Black "Lucaßen, Mickey"]
[Result "1/2-1/2"]
[WhiteElo "1460"]
[BlackElo "1832"]
[PlyCount "137"]
[EventDate "2010.??.??"]
[WhiteTeam "Pulheimer Sport-Club 1924/57 e.V"]
[BlackTeam "SV Wesel 1928 e.V."]

1. d4 Nf6 2. c4 e6 3. Nc3 Bb4 4. Qc2 Nc6 5. Nf3 d6 6. Bg5 h6 7. Bh4 e5 8. dxe5
dxe5 9. Rd1 Qe7 10. a3 Bxc3+ 11. Qxc3 a5 12. e3 a4 13. Be2 Bf5 14. O-O g5 15.
Bg3 Ne4 16. Qc1 h5 17. h3 h4 18. Bh2 g4 19. hxg4 Bxg4 20. Qc2 Ng5 21. Nxg5 Qxg5
22. Bxg4 Qxg4 23. f3 Qg5 24. f4 Qg4 25. fxe5 h3 26. Rf2 Rg8 27. Rdf1 Qxg2+ 28.
Rxg2 Rxg2+ 29. Qxg2 hxg2 30. Kxg2 Na5 31. Rc1 Nb3 32. Rd1 Rd8 33. Rxd8+ Kxd8
34. Kf3 Nd2+ 35. Ke2 Nxc4 36. Kd3 b5 37. b3 axb3 38. Kc3 c5 39. Kxb3 Kd7 40.
Bf4 Kc6 41. a4 Na5+ 42. Ka3 b4+ 43. Kb2 c4 44. e4 Nb7 45. Bd2 c3+ 46. Bxc3
bxc3+ 47. Kxc3 Kc5 48. Kd3 Nd8 49. Ke3 Ne6 50. Kf3 Kd4 51. a5 Kxe5 52. a6 Nd4+
53. Ke3 Nb5 54. Kf3 Nd4+ 55. Ke3 Nc6 56. Kf3 Kd6 57. Kf4 Ke7 58. e5 Na7 59. Kf5
Nc6 60. Kf4 Ke6 61. Ke4 Na7 62. Kf4 Nc6 63. Ke4 Na7 64. Kf4 Nb5 65. Ke4 Kd7 66.
Kf5 Ke7 67. Ke4 Nc7 68. a7 Ke6 69. Kf4 1/2-1/2

[Event "7. Longericher Sommer-Open"]
[Site "?"]
[Date "2010.08.01"]
[Round "5.33"]
[White "Stelzer, Wolfgang"]
[Black "Tychev, Daniel"]
[Result "1-0"]
[WhiteElo "1799"]
[BlackElo "883"]
[PlyCount "151"]
[EventDate "2010.??.??"]
[WhiteTeam "SC Wittlich 1947"]
[BlackTeam "SK Mannheim 1946 e.V."]

1. c4 e5 2. Nc3 Nf6 3. g3 Bc5 4. e3 Bb4 5. Nge2 O-O 6. Bg2 d6 7. O-O Nc6 8. a3
Bc5 9. b4 Bb6 10. Qc2 g6 11. Bb2 Bf5 12. d3 Re8 13. Qd2 Qd7 14. Rac1 Rad8 15.
Nd5 Nxd5 16. Bxd5 Be6 17. Bg2 a6 18. Qc3 d5 19. c5 Ba7 20. d4 e4 21. Rce1 b6
22. f3 exf3 23. Bxf3 Bg4 24. Bxg4 Qxg4 25. Rf4 Qe6 26. Bc1 Ne7 27. Rf3 Nf5 28.
Nf4 Qe4 29. Kf2 Re7 30. Nh3 f6 31. Nf4 Rde8 32. Ng2 Nh6 33. h3 Qe6 34. Nf4 Qe4
35. Qd3 Qxd3 36. Nxd3 f5 37. Ne5 Re6 38. Rg1 Nf7 39. Nd3 Ng5 40. Rf4 Nxh3+ 41.
Kg2 Nxf4+ 42. Nxf4 R6e7 43. Nxd5 Rf7 44. Kf3 g5 45. Nc3 g4+ 46. Kf2 Re6 47. Rh1
Kg7 48. Kg2 c6 49. Ne2 Rh6 50. Rxh6 Kxh6 51. e4+ Kg6 52. Nf4+ Kf6 53. e5+ Ke7
54. Kf2 Ke8 55. Ke3 Kf8 56. Bb2 b5 57. Ng2 Bb8 58. Kf4 Ke7 59. Ke3 Ke6 60. Nf4+
Ke7 61. d5 cxd5 62. Nxd5+ Ke6 63. Nf4+ Ke7 64. Kd4 Ke8 65. c6 Re7 66. Kd5 Bc7
67. Bd4 Kf7 68. e6+ Ke8 69. Be5 Bxe5 70. Kxe5 Rc7 71. Kd6 Kd8 72. Nd5 Rc8 73.
e7+ Ke8 74. c7 h5 75. Ke6 Rxc7 76. Nf6# 1-0

[Event "7. Longericher Sommer-Open"]
[Site "?"]
[Date "2010.08.01"]
[Round "5.35"]
[White "Kirst, Peter"]
[Black "Wickenfeld, Udo"]
[Result "1-0"]
[WhiteElo "1687"]
[BlackElo "1301"]
[PlyCount "97"]
[EventDate "2010.??.??"]
[WhiteTeam "SV Erftstadt e.V."]
[BlackTeam "SK Recklinghausen Altsta"]

1. Nf3 d5 2. g3 e6 3. Bg2 c6 4. O-O Nf6 5. d3 Be7 6. Nbd2 Nbd7 7. c4 Qc7 8. b3
a5 9. Bb2 O-O 10. a4 dxc4 11. Nxc4 Rd8 12. Rc1 Nb6 13. Be5 Bd6 14. Bxd6 Rxd6
15. Nxd6 Qxd6 16. Qc2 Nbd5 17. Qc5 Qc7 18. Nd2 Nd7 19. Qc2 Qb6 20. Nc4 Qc7 21.
Ne3 Nb4 22. Qb2 Nf6 23. Nc2 Nbd5 24. e4 Ne7 25. d4 Bd7 26. Ne3 Rc8 27. Rfd1 Qd8
28. e5 Nfd5 29. Nxd5 exd5 30. f4 Nf5 31. Qf2 Be6 32. Bh3 Qb6 33. Bxf5 Bxf5 34.
Qe3 Bg4 35. Rf1 Bh3 36. Rfd1 Qb4 37. Qf3 Qe7 38. Rc3 Qe6 39. Rdc1 Bf5 40. Re3
Be4 41. Qf2 Qe7 42. f5 Qa3 43. Rf1 Rf8 44. f6 g6 45. e6 fxe6 46. f7+ Kg7 47.
Qf6+ Kh6 48. g4 Qb2 49. Rh3# 1-0

[Event "7. Longericher Sommer-Open"]
[Site "?"]
[Date "2010.08.01"]
[Round "5.36"]
[White "Granz, Thomas"]
[Black "Romanova, Alena"]
[Result "1-0"]
[WhiteElo "1650"]
[BlackElo "1195"]
[PlyCount "39"]
[EventDate "2010.??.??"]
[WhiteTeam "SVigung 1919 Königsspr"]
[BlackTeam "SK Mannheim 1946 e.V."]

1. e4 c6 2. Nf3 d5 3. exd5 cxd5 4. d4 Bf5 5. Bd3 Bxd3 6. Qxd3 e6 7. O-O Nc6 8.
Bf4 Nf6 9. Nc3 Bd6 10. Ne5 Bxe5 11. dxe5 Nd7 12. Qg3 g6 13. Nb5 Qb6 14. Nd6+
Ke7 15. Rfe1 Qa6 16. c3 h5 17. Bg5+ f6 18. exf6+ Nxf6 19. Nf5+ Kf7 20. Qc7+ 1-0

[Event "7. Longericher Sommer-Open"]
[Site "?"]
[Date "2010.08.01"]
[Round "5.37"]
[White "Klein, Markus"]
[Black "Smets, Heike"]
[Result "1/2-1/2"]
[WhiteElo "1333"]
[BlackElo "1640"]
[PlyCount "84"]
[EventDate "2010.??.??"]
[WhiteTeam "SK Sülz-Klettenberg"]
[BlackTeam "vereinslos"]

1. e4 e5 2. d3 Nf6 3. Bd2 Nc6 4. Be2 Bc5 5. Bg5 h6 6. Bxf6 Qxf6 7. Nf3 Nd4 8.
O-O d6 9. Nc3 Nxe2+ 10. Nxe2 Bg4 11. Nd2 Qg6 12. Nb3 Bh3 13. Ng3 Bg4 14. Qd2
O-O 15. Nxc5 dxc5 16. f4 f5 17. Rae1 fxe4 18. Rxe4 exf4 19. Rexf4 Be6 20. b3
Rf7 21. Qe3 b6 22. Qe5 Raf8 23. Qh5 Qxh5 24. Nxh5 Bg4 25. Rxf7 Rxf7 26. Ng3
Rxf1+ 27. Nxf1 Kf7 28. Ne3 Be6 29. Kf2 Kf6 30. h3 Ke5 31. Ke2 Kd4 32. Kd2 b5
33. Nd1 c4 34. Nc3 a6 35. Ne2+ Kc5 36. dxc4 bxc4 37. Kc3 cxb3 38. axb3 a5 39.
Kd2 Kb4 40. Nc1 c5 41. Nd3+ Kb5 42. c4+ Kb6 1/2-1/2

[Event "7. Longericher Sommer-Open"]
[Site "?"]
[Date "2010.08.01"]
[Round "5.38"]
[White "Wilde, Christian"]
[Black "Sewald, Jörg"]
[Result "0-1"]
[WhiteElo "1001"]
[BlackElo "1525"]
[PlyCount "122"]
[EventDate "2010.??.??"]
[WhiteTeam "SF Köln-Longerich 195"]
[BlackTeam "SK Köln-Worringen 1972"]

1. c4 e5 2. Nc3 Nf6 3. e4 Bc5 4. Be2 O-O 5. Rb1 Nc6 6. Nd5 Nxe4 7. Ne3 Nd4 8.
b4 Be7 9. Nf3 d6 10. Nxd4 exd4 11. Ng4 Qe8 12. O-O f5 13. f3 fxg4 14. fxe4
Rxf1+ 15. Qxf1 Qg6 16. d3 Be6 17. g3 b5 18. a3 bxc4 19. dxc4 Rf8 20. Qg2 Bg5
21. Bxg5 Qxg5 22. Rf1 Qe3+ 23. Kh1 Rxf1+ 24. Bxf1 Qxa3 25. Qd2 Qa1 26. Kg2 Qc3
27. Qg5 Qf3+ 28. Kg1 Qe3+ 29. Qxe3 dxe3 30. c5 Bb3 31. Be2 h5 32. Kf1 Bc2 33.
cxd6 cxd6 34. Bc4+ Kf8 35. Ke2 Bxe4 36. Kxe3 Bf3 37. Kf4 d5 38. Bd3 Kf7 39. Kg5
Be4 40. Bxe4 dxe4 41. Kf4 e3 42. Kxe3 g5 43. Ke4 Ke6 44. Kd4 Kd6 45. Kc4 a6 46.
Kb3 Kd5 47. Ka4 Kc4 48. Ka3 Kc3 49. Ka4 h4 50. Ka5 hxg3 51. hxg3 Kb3 52. b5
axb5 53. Kxb5 Kc3 54. Kc5 Kd3 55. Kd5 Ke3 56. Ke5 Kf3 57. Kf5 Kxg3 58. Kxg5 Kh3
59. Kf4 g3 60. Kf3 Kh2 61. Ke2 g2 0-1

[Event "7. Longericher Sommer-Open"]
[Site "?"]
[Date "2010.08.01"]
[Round "5.39"]
[White "Gail, Edgar"]
[Black "Hingst, Dieter Max Otto"]
[Result "1-0"]
[WhiteElo "1502"]
[BlackElo "908"]
[PlyCount "81"]
[EventDate "2010.??.??"]
[WhiteTeam "Klub Kölner SF e.V. 1"]
[BlackTeam "Brühler SK 1920 e.V."]

1. e4 e5 2. f4 exf4 3. Nf3 Nf6 4. e5 Ng4 5. h3 Nh6 6. d4 g5 7. g4 d5 8. c4 c6
9. Nc3 Bb4 10. Bd2 Na6 11. cxd5 cxd5 12. Bxa6 Bxc3 13. Bb5+ Bd7 14. Bxd7+ Qxd7
15. Bxc3 O-O 16. Qd3 f6 17. exf6 Qe6+ 18. Ne5 Rxf6 19. O-O-O Qa6 20. Qxa6 Rxa6
21. Kb1 b5 22. h4 Nf7 23. Nxf7 Kxf7 24. hxg5 Kg8 25. Rdf1 Rf8 26. Rf3 Rg6 27.
Rhf1 Rxg5 28. Rxf4 Rxf4 29. Rxf4 h5 30. gxh5 Rxh5 31. Kc2 Rh2+ 32. Kb3 Rh3 33.
Kb4 a6 34. Rf5 Rh7 35. Rxd5 Ra7 36. Ka5 Ra8 37. a3 Kf7 38. Rd6 Ke7 39. Rxa6
Rxa6+ 40. Kxa6 b4 41. Bxb4+ 1-0

[Event "7. Longericher Sommer-Open"]
[Site "?"]
[Date "2010.08.01"]
[Round "5.40"]
[White "Oerder, Timon"]
[Black "Shishkov, Mark"]
[Result "1-0"]
[WhiteElo "1195"]
[BlackElo "1450"]
[PlyCount "31"]
[EventDate "2010.??.??"]
[WhiteTeam "SV Fideler Bauer Lever"]
[BlackTeam "SC Erkrath 1973"]

1. d4 Nf6 2. c4 e6 3. Nc3 Bb4 4. Qc2 b6 5. e4 d6 6. Qa4+ Nc6 7. e5 Bxc3+ 8.
bxc3 Bd7 9. exf6 Qxf6 10. Qd1 O-O 11. Nf3 e5 12. Be3 Rae8 13. Be2 e4 14. Nd2
Qg6 15. g3 f5 16. Bh5 1-0

[Event "7. Longericher Sommer-Open"]
[Site "?"]
[Date "2010.08.01"]
[Round "5.42"]
[White "Havenith, Julia"]
[Black "Liu, Julian"]
[Result "1-0"]
[WhiteElo "1082"]
[BlackElo "961"]
[PlyCount "105"]
[EventDate "2010.??.??"]
[WhiteTeam "SV Würselen 1926 e.V."]
[BlackTeam "SV Würselen 1926 e.V."]

1. e4 e5 2. Nf3 Nc6 3. Bb5 a6 4. Ba4 b5 5. Bb3 d6 6. h3 Be6 7. O-O d5 8. Nc3
Nf6 9. Re1 d4 10. Nb1 Bc5 11. d3 h6 12. Bxe6 fxe6 13. b3 Bb4 14. Bd2 Bxd2 15.
Nbxd2 O-O 16. Nf1 Nh5 17. Nxe5 Nxe5 18. Qxh5 Qf6 19. Re2 Qf4 20. Rae1 g6 21. g3
gxh5 22. gxf4 Nf3+ 23. Kg2 Nxe1+ 24. Rxe1 Rxf4 25. Ng3 Raf8 26. Rf1 Rh4 27. Rc1
Kg7 28. c3 c5 29. cxd4 cxd4 30. Rc6 Rhf4 31. Nxh5+ Kg8 32. Nxf4 Rxf4 33. Rxe6
Rf8 34. Rxh6 Ra8 35. f4 a5 36. Rb6 Kf7 37. Kg3 Rg8+ 38. Kf3 Rh8 39. Kg2 Rg8+
40. Kh2 Rg4 41. hxg4 Ke7 42. Rxb5 Kd7 43. Rxa5 Kc6 44. g5 Kd6 45. Rf5 Ke6 46.
g6 Ke7 47. g7 Kd7 48. g8=Q Ke7 49. Qf7+ Kd6 50. Qg6+ Ke7 51. Rf7+ Ke8 52. Qg7
Kd8 53. Qf8# 1-0